[Event "Leon-B"]
[Site "Leon"]
[Date "1996.??.??"]
[Round "5"]
[White "Romero Holmes, Alfonso"]
[Black "Izeta Txabarri, Felix"]
[Result "0-1"]
[WhiteElo "2425"]
[BlackElo "2470"]

1.d4 Nf6 2.Bg5 e6 3.e4 h6 4.Bxf6 Qxf6 5.Nc3 d6 6.h4 e5 7.d5 h5 8.Qe2 g6 9.O-O-O Bh6+
10.Kb1 a6 11.g3 b5 12.Bh3 Nd7 13.Rf1 b4 14.Nd1 a5 15.Qf3 Qxf3 16.Nxf3 Nc5
17.Bxc8 Rxc8 18.Re1 O-O 19.Nh2 f5 20.exf5 Rxf5 21.f3 Rcf8 22.Re2 Kh7 23.Rhe1 R8f7
24.Rg1 R5f6 25.Nf2 Rxf3 26.Nxf3 Rxf3 27.Nh3 e4 28.Rf2 Be3 29.Rfg2 Bxg1 30.Ng5+ Kg7
31.Nxf3 exf3 32.Rxg1 Ne4 33.Kc1 f2 34.Rf1 Kf6 35.c4 Kf5  0-1

[Event "Liechtenstein op"]
[Site "Liechtenstein"]
[Date "1996.??.??"]
[Round "2"]
[White "Leitgeber, Mario"]
[Black "Eberhard, Kurt"]
[Result "1-0"]
[WhiteElo "1605"]
[BlackElo "2025"]

1.d4 Nf6 2.Bg5 e6 3.f4 Be7 4.Nf3 c5 5.e3 O-O 6.Bd3 Nc6 7.c3 cxd4 8.exd4 Nd5
9.Bxe7 Qxe7 10.Qc1 Qf6 11.g3 d6 12.O-O h6 13.Nbd2 Qd8 14.Re1 b6 15.Qb1 Nf6
16.Ne4 Bb7 17.Kf2 Nxe4+ 18.Bxe4 d5 19.Bd3 Na5 20.Re2 Nc4 21.Ne5 Rc8 22.Bh7+ Kh8
23.Bd3 b5 24.Qf1 a5 25.Qh3 Nxe5 26.Rxe5 b4 27.Rd1 bxc3 28.bxc3 Rxc3 29.g4 Qb6
30.Qe3 Ba6 31.g5 Rxd3 32.Rxd3 Bxd3 33.Qxd3 h5 34.Re2 g6 35.Rd2 Rc8 36.Qb3 Qb4
37.Qe3 a4 38.a3 Qd6 39.Rb2 Rb8 40.Rxb8+ Qxb8 41.Qe5+ Qxe5 42.fxe5 Kg7 43.Ke3 Kf8
44.Kd3 Ke7 45.Kc3 Kd7 46.Kb4 Kc6 47.Kxa4 h4 48.h3 Kd7 49.Kb5 Kc7 50.a4 Kd7
51.a5  1-0

[Event "Liechtenstein op"]
[Site "Liechtenstein"]
[Date "1996.??.??"]
[Round "5"]
[White "Sharif, Mershad"]
[Black "Atlas, Valeri"]
[Result "1/2-1/2"]
[WhiteElo "2500"]
[BlackElo "2440"]

1.d4 Nf6 2.Bg5 e6 3.Nd2 c5 4.c3 d5 5.e3 Nbd7 6.Ngf3 Be7 7.Bd3 O-O 8.O-O h6
9.Bh4 b6 10.Ne5 Nxe5 11.dxe5 Nd7 12.Bxe7 Qxe7 13.f4 Bb7 14.Qe2 Rfd8 15.e4 c4
16.Bc2 b5 17.exd5 Bxd5 18.Ne4 Bxe4 19.Qxe4 g6 20.Rad1 Nc5 21.Qe3 Rac8 22.g3  1/2-1/2

[Event "SWE-ch"]
[Site "Linkoping"]
[Date "1996.??.??"]
[Round "13"]
[White "Jepson, Christian"]
[Black "Lindberg, Bengt"]
[Result "0-1"]
[WhiteElo "2380"]
[BlackElo "2355"]

1.d4 Nf6 2.Bg5 e6 3.e4 h6 4.Bxf6 Qxf6 5.Nc3 a6 6.Qd2 d6 7.O-O-O Nd7 8.f4 g5
9.g3 Qe7 10.Bg2 Nb6 11.Qd3 Bd7 12.Nf3 O-O-O 13.Rhe1 gxf4 14.gxf4 h5 15.Kb1 Qf6
16.f5 exf5 17.e5 Qg6 18.Bh3 Be7 19.d5 Qh7 20.e6 fxe6 21.dxe6 Be8 22.Bxf5 Qh6
23.Nd4 c5 24.Nb3 Kb8 25.Na5 Ka7 26.Nd5 Nxd5 27.Qxd5 Rb8 28.Rd3 Qf4 29.Rb3 Bb5
30.Be4 Rhg8 31.c4 Qf2 32.Rc1 Rg1 33.Rc3 Rxc1+ 34.Rxc1 Bc6 35.Qd3 Bf6 36.Rc3 Qe1+
37.Rc1 Qxe4 38.Nxc6+ Qxc6 39.Rf1 Bd4 40.Re1 Qg2 41.Re2 Qf1+ 42.Kc2 Re8 43.Qe4 Re7
44.Rd2 Qxc4+  0-1

[Event "POR-ch"]
[Site "Lisbon"]
[Date "1996.??.??"]
[Round "3"]
[White "Fernandes, Antonio"]
[Black "Pereira, Joao"]
[Result "1/2-1/2"]
[WhiteElo "2410"]
[BlackElo "2155"]

1.d4 Nf6 2.Bg5 e6 3.e4 h6 4.Bxf6 Qxf6 5.Nf3 d6 6.Nc3 g5 7.h3 Bg7 8.Qd2 a6
9.a4 Nc6 10.Rd1 Bd7 11.Bc4 Qe7 12.Qe3 Qf6 13.Bb3 Rb8 14.O-O b5 15.axb5 axb5
16.e5 dxe5 17.Nxe5 Nxe5 18.dxe5 Qxe5 19.Qa7 Rd8 20.Rfe1 Qf5 21.Qxc7 Qf4 22.Nxb5 Qxc7
23.Nxc7+ Ke7 24.Nd5+ Kf8 25.Nb6 Ke7 26.Nd5+ Kf8 27.Nb6 Ke7 28.c3 Bc6 29.Bd5 Rb8
30.Bxc6 Rxb6 31.Rd7+ Kf6 32.Bf3 Kg6 33.Re2 Rhb8 34.Rdd2 f5 35.g4 Bf6 36.Kg2 Bd8
37.Rd7 Bf6 38.gxf5+ exf5 39.Bd5 Rf8 40.Rc7 h5 41.b4 g4 42.f4 Rd8 43.Bc6 Rbb8
44.hxg4 hxg4 45.Re6 Rbc8 46.Rce7 Rf8 47.c4 Kh5 48.Be8+ Kh6 49.c5 Ra8 50.c6 Ra2+
51.Kf1 Ra1+ 52.Ke2 Ra2+ 53.Kd3 g3 54.c7 g2 55.Re1 Ra3+ 56.Ke2 Rc3 57.Re6 Rxc7
58.Kf2 Rc2+ 59.Kg1 Kg7 60.Rd6 Bh4 61.Rd7+ Kh6 62.Re6+ Rf6 63.Rxf6+ Bxf6 64.Rd6 Kg7
65.Bc6  1/2-1/2

[Event "London"]
[Site "London"]
[Date "1996.??.??"]
[Round "4"]
[White "Wall, Tim"]
[Black "Franklin, Michael J"]
[Result "1/2-1/2"]
[WhiteElo "2250"]
[BlackElo "2280"]

1.d4 Nf6 2.Bg5 e6 3.e4 h6 4.Bxf6 Qxf6 5.Nc3 d6 6.Qd2 Nd7 7.O-O-O a6 8.f4 g5
9.g3 gxf4 10.gxf4 h5 11.e5 Qh6 12.Nf3 d5 13.Kb1 h4 14.Rg1 Be7 15.f5 Qxd2
16.Rxd2 c5 17.f6 cxd4 18.Nxd5 exd5 19.fxe7 Kxe7 20.Rxd4 Nb6 21.Rxh4 Be6 22.Rb4 Nd7
23.Rxb7 Rh5 24.Be2 Kf8 25.Ng5 Rxh2 26.Nxe6+ fxe6 27.Rxd7 Rxe2 28.Rh7 Re8
29.b3 Rxe5 30.Rf1+ Kg8 31.Rff7 Rg5 32.Ra7 Rg2 33.Rhd7 Rc8 34.Rxa6 Rgxc2 35.Rxe6 Rg2
36.a4 Rf8 37.Re1 Rb8 38.Re3 Rf8 39.Rc3 d4 40.Rc1 Rb8 41.Ka1 Rg3 42.Rxd4 Rbxb3
43.Rc2 Kf7 44.Re4 Rgf3 45.a5 Rb5 46.Ra4 Ke6 47.a6 Rf8 48.a7 Ra8 49.Ra6+ Kd7
50.Rh2 Re5 51.Kb2 Re7 52.Kc3 Kc7 53.Kb4 Kb7 54.Rha2 Rh7 55.R6a5 Rh4+ 56.Kb3 Rh3+
57.Kc4 Rh4+ 58.Kd3 Rh3+ 59.Ke4 Re8+ 60.Kf4 Ka8 61.Kg4 Rhh8 62.Ra6 Rhg8+ 63.Kf5 Rgf8+
64.Rf6 Rxf6+ 65.Kxf6 Rc8  1/2-1/2

[Event "Ludwigshafen-ch 10th"]
[Site "Ludwigshafen"]
[Date "1996.??.??"]
[Round "4"]
[White "Hain, Guenter"]
[Black "Herbold, Manfred"]
[Result "1-0"]
[WhiteElo "1965"]
[BlackElo "1990"]

1.d4 Nf6 2.Bg5 e6 3.e4 h6 4.Bxf6 Qxf6 5.Nf3 c5 6.e5 Qd8 7.d5 Qa5+ 8.Nc3 Be7
9.d6 Bd8 10.Nd2 Bg5 11.Nc4 Qd8 12.h4 Bxh4 13.Qg4 Bxf2+ 14.Kxf2 Kf8 15.Bd3 Nc6
16.Raf1 a6 17.Ke1 Kg8 18.Rxf7 Kxf7 19.Rf1+ Kg8 20.Qg6 Qf8 21.Rxf8+ Kxf8 22.Be2 h5
23.Bxh5  1-0

[Event "DEN-chJ"]
[Site "Lyngby"]
[Date "1996.??.??"]
[Round "1"]
[White "Schneider, Stefan"]
[Black "Keller, Thomas"]
[Result "1/2-1/2"]
[WhiteElo "2230"]
[BlackElo "2155"]

1.d4 Nf6 2.Bg5 e6 3.e4 h6 4.Bxf6 Qxf6 5.Nc3 b6 6.Qd2 Bb7 7.O-O-O Bb4 8.f3 Qg5
9.Nge2 Qxd2+ 10.Rxd2 Nc6 11.a3 Be7 12.d5 Nb8 13.f4 d6 14.Nd4 e5 15.fxe5 dxe5
16.Nf3 a6 17.h4 Nd7 18.h5 Bg5 19.Nxg5 hxg5 20.Ne2 Nf6 21.Ng3 Bc8 22.c4 Ke7
23.b4 Kd6 24.c5+ bxc5 25.bxc5+ Kxc5 26.h6 gxh6 27.Rc2+ Kd6 28.Rc6+ Ke7 29.Rxc7+ Bd7
30.Bd3 Rhc8 31.Rxc8 Rxc8+ 32.Kd2 h5 33.Rf1 h4 34.Nf5+ Bxf5 35.Rxf5 Nd7 36.Rxg5 Rc5
37.Bxa6 Ra5 38.Bc8 Rxa3 39.Bxd7 Kxd7 40.Rxe5 Ra2+  1/2-1/2

[Event "Wch U20 Girls"]
[Site "Medellin"]
[Date "1996.??.??"]
[Round "4"]
[White "Tkeshelashvili, Sofia"]
[Black "Benderac, Ana"]
[Result "1-0"]
[WhiteElo "2170"]
[BlackElo "2115"]

1.d4 Nf6 2.Bg5 e6 3.e4 Be7 4.e5 Nd5 5.Bxe7 Nxe7 6.Bd3 d6 7.Qg4 dxe5 8.dxe5 Ng6
9.Nf3 Nc6 10.O-O Bd7 11.b4 Qe7 12.a3 O-O-O 13.Re1 f5 14.Qc4 Kb8 15.Nbd2 Qe8
16.Nb3 Bc8 17.b5 Nce7 18.a4 Nd5 19.a5 Bd7 20.Nbd4 Ngf4 21.Bf1 g5 22.Qb3 g4
23.Nd2 c5 24.bxc6 Bxc6 25.Nc4 Ka8 26.Nd6 Qd7 27.Nxc6 Qxc6 28.c4 Nc7 29.Qe3 Ng6
30.Nf7 f4 31.Qb3 Rd2 32.Nxh8 Qc5 33.Red1  1-0

[Event "Metz op"]
[Site "Metz"]
[Date "1996.??.??"]
[Round "?"]
[White "Jung, Karl Otto"]
[Black "Mayer, J."]
[Result "0-1"]
[WhiteElo "2210"]
[BlackElo "2045"]

1.d4 Nf6 2.Bg5 e6 3.Nf3 c5 4.e3 cxd4 5.exd4 Be7 6.c3 b6 7.Nbd2 Bb7 8.Bd3 d6
9.O-O Nbd7 10.Qe2 O-O 11.Rfe1 Re8 12.Bh4 Nf8 13.Bb5 N8d7 14.Ng5 a6 15.Nxf7 Kxf7
16.Qxe6+ Kf8 17.Bxf6 axb5 18.Bxe7+ Qxe7 19.Qf5+ Qf7 20.Qxh7 Nf6 21.Qf5 Rxe1+
22.Rxe1 Rxa2 23.Qf4 Ne4 24.Rxe4 Bxe4 25.Qxe4 Ra1+ 26.Nb1 Qe6 27.Qf3+ Kg8
28.h3 Rxb1+ 29.Kh2 Rxb2 30.Qa8+ Kh7 31.Qd8 Qf6  0-1

[Event "Minsk op"]
[Site "Minsk"]
[Date "1996.??.??"]
[Round "2"]
[White "Moiseenko, Alexander"]
[Black "Chernyshov, Konstantin"]
[Result "0-1"]
[WhiteElo "2310"]
[BlackElo "2470"]

1.d4 Nf6 2.Bg5 e6 3.e4 h6 4.Bxf6 Qxf6 5.Nc3 Bb4 6.e5 Bxc3+ 7.bxc3 Qe7 8.Bd3 b6
9.Qg4 Qg5 10.Qe4 Nc6 11.Nf3 Qe7 12.a4 Bb7 13.Qe2 Na5 14.O-O O-O 15.Nd2 f5
16.f4 c5 17.Nc4 Nxc4 18.Bxc4 cxd4 19.cxd4 Rfc8 20.Rab1 Rc7 21.a5 bxa5 22.Bd3 Qa3
23.Rb3 Qa4 24.Qf2 Bd5 25.Rb2 Rac8 26.Rfb1 Bc4 27.h4 Bxd3 28.cxd3 Rc3 29.Rb8 Qc6
30.Rxc8+ Qxc8 31.d5 Rxd3 32.dxe6 dxe6 33.Qxa7 Qc2 34.Rf1 Rd2 35.Qa8+ Kh7
36.Qf3 a4 37.h5 Qb3 38.Qc6 Qg3 39.Qa8 a3 40.Ra1 a2 41.Kh1 Rb2  0-1

[Event "Mondariz op"]
[Site "Mondariz"]
[Date "1996.??.??"]
[Round "?"]
[White "Fernandez Siles, Luis"]
[Black "Cuesta Navarro, Santiago"]
[Result "1-0"]
[WhiteElo "2260"]
[BlackElo "2240"]

1.d4 Nf6 2.Bg5 e6 3.Nf3 Be7 4.e3 b6 5.Bd3 Bb7 6.Nbd2 d6 7.O-O Nbd7 8.Qe2 Nd5
9.Bxe7 Qxe7 10.a3 f5 11.c4 N5f6 12.e4 fxe4 13.Nxe4 O-O 14.Nfg5 Nxe4 15.Nxe4 e5
16.d5 Nc5 17.Nxc5 bxc5 18.b4 c6 19.Qe4 g6 20.dxc6 Bc8 21.bxc5 dxc5 22.Rae1 Qd6
23.Qd5+  1-0

[Event "Moscow GM3"]
[Site "Moscow"]
[Date "1996.??.??"]
[Round "?"]
[White "Aleksandrov, Aleksej"]
[Black "Zaitsev, Igor A"]
[Result "0-1"]
[WhiteElo "2535"]
[BlackElo "2460"]

1.d4 Nf6 2.Bg5 e6 3.e4 Be7 4.Bd3 c5 5.dxc5 Na6 6.Bxa6 bxa6 7.Nd2 Bb7 8.Qe2 Rc8
9.Ngf3 Rxc5 10.c4 Qa5 11.Be3 Rc8 12.e5 Bxf3 13.Qxf3 Qxe5 14.O-O Qxb2 15.Rab1 Qxa2
16.Rb7 O-O 17.Bg5 Qa3 18.Rb3 Qa5 19.h4 h6 20.Be3 d5 21.Rb7 Qd8 22.cxd5 Nxd5
23.Bd4 Bf6 24.Bxf6 Nxf6 25.Ne4 Nxe4 26.Qxe4 Rc7 27.Rb3 Rd7 28.Rg3 Qf6 29.Rf3 Rd4
30.Qb7 Qxh4 31.Qxa7 Qd8 32.Qxa6 Rd1 33.Rxd1 Qxd1+ 34.Kh2 Qd7 35.Rg3 Rd8 36.Qa5 Qd4
37.Qc7 Rd5 38.Qc8+ Kh7 39.Qc2+ g6 40.Rf3 Rh5+ 41.Rh3 Qe5+ 42.Kg1 Qe1+ 43.Kh2 Rf5
44.Rf3 Qe5+ 45.Kg1 Rxf3 46.gxf3  0-1

[Event "RUS-Cup2"]
[Site "Moscow"]
[Date "1996.??.??"]
[Round "3"]
[White "Gorelov, Sergey G"]
[Black "Ivanov, Victor L"]
[Result "1/2-1/2"]
[WhiteElo "2485"]
[BlackElo "2375"]

1.d4 Nf6 2.Bg5 e6 3.e4 h6 4.Bxf6 Qxf6 5.Nc3 d6 6.Qd2 g5 7.O-O-O Bg7 8.e5 dxe5
9.dxe5 Qe7 10.f4 Nc6 11.Nf3 Bd7 12.h4 gxf4 13.Qxf4 O-O-O 14.Ne4 Nb8 15.Nd4 Nc6
16.Nf3 Nb8 17.Nd4 Nc6 18.Nf3  1/2-1/2

[Event "Moscow Alekhine op"]
[Site "Moscow"]
[Date "1996.??.??"]
[Round "4"]
[White "Maljutin, Evgeni"]
[Black "Shestakov, Sergei S"]
[Result "1/2-1/2"]
[WhiteElo "2495"]
[BlackElo "2305"]

1.d4 Nf6 2.Bg5 e6 3.e4 h6 4.Bxf6 Qxf6 5.Nf3 d6 6.Nc3 g5 7.h3 a6 8.Qd2 Nd7
9.O-O-O b6 10.Kb1 Bb7 11.Bd3 Bg7 12.Rhe1 O-O-O 13.Qe2 Nb8 14.e5 dxe5 15.dxe5 Qe7
16.Be4 Rxd1+ 17.Rxd1 Bxe4 18.Qxe4 Qc5 19.Rd2 Bf8 20.h4 Be7 21.Re2 Qc6 22.hxg5 hxg5
23.Kc1 Rh1+ 24.Re1 Qxe4 25.Nxe4 Rxe1+ 26.Nxe1 Nd7 27.Nd3 c5 28.c4 Kc7 29.b3 Kc6
30.f3 b5 31.Kc2 Nb6 32.Kc3 bxc4 33.bxc4 Nd7 34.Nef2 Nf8 35.Ng4 Ng6 36.g3 Bf8
37.f4 Be7 38.Kd2 gxf4 39.gxf4 Bf8 40.Ke3 Nh4 41.Nf6 Be7 42.Ne4 Nf5+ 43.Kd2 Kb6
44.Ke2  1/2-1/2

[Event "Neuchatel op"]
[Site "Neuchatel"]
[Date "1996.??.??"]
[Round "2"]
[White "Yedidia, Jonathan"]
[Black "Hirt, Markus"]
[Result "1-0"]
[WhiteElo "2425"]
[BlackElo "2220"]

1.d4 Nf6 2.Bg5 e6 3.e4 h6 4.Bxf6 Qxf6 5.Nc3 d6 6.Qd2 g6 7.f4 Bg7 8.Nf3 Nd7
9.Nb5 Qd8 10.Qc3 Nc5 11.e5 Na6 12.Qa3 O-O 13.exd6 c6 14.Nc3 b5 15.Ne4 Qb6
16.O-O-O Rd8 17.Ne5 Bb7 18.Kb1 Rac8 19.d7 Bf8 20.dxc8=Q Bxa3 21.Nf6+ Kg7
22.Nfd7 Bxc8 23.Nxb6 Bf8 24.Nxc8  1-0

[Event "SCO-ch"]
[Site "Oban"]
[Date "1996.??.??"]
[Round "7"]
[White "Beveridge, Allan"]
[Black "Weston, Richard"]
[Result "1/2-1/2"]
[WhiteElo "2250"]
[BlackElo "2155"]

1.d4 Nf6 2.Bg5 e6 3.Nf3 h6 4.Bh4 d5 5.e3 Nbd7 6.c4 c6 7.Nc3 Qa5 8.Nd2 Bb4
9.Qc2 c5 10.Nb3 Qb6 11.dxc5 Nxc5 12.Nxc5 Qxc5 13.Bxf6 gxf6 14.a3 Bxc3+ 15.Qxc3 dxc4
16.Qxc4 Qxc4 17.Bxc4 Bd7 18.Ke2  1/2-1/2

[Event "SCO-ch"]
[Site "Oban"]
[Date "1996.??.??"]
[Round "9"]
[White "Beveridge, Allan"]
[Black "Pritchett, Craig William"]
[Result "0-1"]
[WhiteElo "2250"]
[BlackElo "2325"]

1.d4 Nf6 2.Bg5 e6 3.Nf3 h6 4.Bh4 c5 5.e3 Be7 6.dxc5 Qa5+ 7.Nbd2 Qxc5 8.Nb3 Qc7
9.Nfd4 a6 10.Bg3 d6 11.Be2 Ne4 12.O-O O-O 13.Nd2 Nxg3 14.hxg3 Nd7 15.N4f3 Nf6
16.Bd3 Bd7 17.e4 Rac8 18.Qe2 Ng4 19.Rad1 Bf6 20.c3 Rfd8 21.Rfe1 g6 22.Nf1 Qa5
23.a3 Qb6 24.N1h2 Nxh2 25.Kxh2 Bg7 26.Rd2 Bc6 27.Bb1 h5 28.Rdd1 Qc5 29.Qd2 Bf6
30.Qe3 Qxe3 31.Rxe3 Kf8 32.Bc2 Ke7 33.Re2 g5 34.Bb1 Bb5 35.Bd3 g4 36.Nd4 Bxd4
37.cxd4 Bxd3 38.Rxd3 Rc4 39.Rc3 Rxc3 40.bxc3 Rc8 41.Rc2 Rc4 42.Kg1 b5 43.Kf1 Ra4
44.Ra2 e5 45.dxe5 Rxe4 46.exd6+ Kxd6 47.Rd2+ Kc6 48.Rd8 Ra4 49.Rc8+ Kd7 50.Rf8 Ke7
51.Ra8 Rxa3 52.Ke2 Kd6 53.Kd2 Kc5 54.Rc8+ Kd5 55.Rd8+ Kc5 56.Rc8+ Kd5 57.Rd8+ Kc6
58.Rc8+ Kd7 59.Rf8 Ke7 60.Ra8 Kd7 61.Rf8 Ra2+ 62.Ke3 Ke7 63.Ra8 Kd6 64.Ra7 Ke6
65.Rc7 f6 66.Rc6+ Ke7 67.Rc7+ Kd6 68.Rf7 Ke5 69.Rc7 Kd5 70.Rc8 Rc2 71.Rh8 Rxc3+
72.Kd2 b4 73.Rxh5+ Kc4 74.Ra5 Rd3+ 75.Kc2 Rc3+ 76.Kb2 Rb3+ 77.Kc2 Rc3+ 78.Kb2 Rb3+
79.Kc2 Ra3 80.Rf5 Ra2+ 81.Kb1 Kb3 82.Rxf6 Re2 83.Kc1 a5 84.Rf4 a4 85.Rxg4 a3
86.Rg8 a2  0-1

[Event "ESP-chTA"]
[Site "Oropesa del Mar"]
[Date "1996.??.??"]
[Round "5"]
[White "Calvo, Jesus Maria"]
[Black "Iruzubieta, Jesus Maria"]
[Result "1/2-1/2"]
[WhiteElo "2290"]
[BlackElo "2410"]

1.d4 Nf6 2.Bg5 e6 3.Nd2 h6 4.Bh4 d6 5.e4 Nbd7 6.f4 Be7 7.Ngf3 e5 8.fxe5 dxe5
9.dxe5 Ng4 10.Bg3 Ne3 11.Qc1 Nc5 12.Bf2 Nxf1 13.Rxf1 Be6 14.b4 Na4 15.Qa3 Qd7
16.O-O-O a5 17.Nb1 Bxb4 18.Qe3 Qc6 19.Nd4 Qc4 20.Nxe6 Qxe6 21.Qb3 Qxb3 22.cxb3 Nc3
23.Nxc3 Bxc3 24.Bg3 Ke7 25.Rd3 Bb4 26.Rfd1 Rhd8 27.Kc2 Rxd3 28.Rxd3 c6 29.h3 Rd8
30.Bh4+ g5 31.Rxd8 Kxd8 32.Bf2 Kc7 33.Kd3 Be7 34.a4 Kd7 35.Kc4 Ke6 36.Bd4 Bd8
37.Kc5 Bc7 38.Bc3 Kd7 39.Kc4 b6 40.Bd4 Ke6 41.g4 Kd7 42.Bc3 Ke7 43.Bb2 Kf8
44.Ba3+ Kg7 45.Kd3  1/2-1/2

[Event "Paris op"]
[Site "Paris"]
[Date "1996.??.??"]
[Round "3"]
[White "Kinsman, Andrew PH"]
[Black "Gofshtein, Leonid D"]
[Result "0-1"]
[WhiteElo "2365"]
[BlackElo "2540"]

1.d4 Nf6 2.Bg5 e6 3.e4 c5 4.e5 h6 5.Bc1 Nd5 6.c4 Nb6 7.d5 d6 8.exd6 Bxd6
9.Nf3 exd5 10.cxd5 O-O 11.Nc3 N8d7 12.Be2 Nf6 13.Be3 Re8 14.Qd2 Bg4 15.O-O-O Ne4
16.Nxe4 Rxe4 17.h3 Nc4 18.Qc2 Nxe3 19.Qxe4 Nxd1 20.Bxd1 Bxf3 21.Bxf3 c4 22.Kb1 c3
23.bxc3 Qb6+ 24.Ka1 Qxf2 25.Kb1 Qc5 26.c4 Qa3 27.Qe1 Qd3+ 28.Kb2 Bc5 29.a4 Bd4+
30.Ka2 Qc2+  0-1

[Event "St Petersburg-Paris"]
[Site "Paris"]
[Date "1996.??.??"]
[Round "7"]
[White "Degraeve, Jean Marc"]
[Black "Sivokho, Sergey"]
[Result "1-0"]
[WhiteElo "2490"]
[BlackElo "2380"]

1.d4 Nf6 2.Bg5 e6 3.e4 h6 4.Bxf6 Qxf6 5.Nf3 d6 6.Nc3 Nd7 7.Qd2 a6 8.Bd3 g6
9.O-O-O Bg7 10.e5 dxe5 11.dxe5 Qe7 12.Rhe1 Nc5 13.Ne4 Nxe4 14.Bxe4 O-O 15.Re3 Ra7
16.Rd3 c5 17.h4 b5 18.g3 Rc7 19.Rd8 c4 20.Rxf8+ Bxf8 21.Qd8 c3 22.Qxe7 cxb2+
23.Kxb2 Bxe7 24.Nd4 Bd7 25.a3 Be8 26.Rd3 Kg7 27.f4 Bc5 28.c3 Be7 29.Nb3 Bd7
30.Bf3 Kf8 31.Nd2 Ke8 32.h5 g5 33.fxg5 Bxg5 34.Ne4 Be7 35.g4 Kf8 36.Nf6 Be8
37.g5 hxg5 38.h6 Rc4 39.h7 Rh4 40.Nh5 Rh2+ 41.Rd2 Rxh5 42.Bxh5 Kg7 43.Rh2 Kh8
44.Bf3 Bd8 45.Be4 Bc7 46.Rd2 g4 47.Rd4 g3 48.Rd3 g2 49.Rd1 b4 50.axb4 Bb5
51.Bxg2 Bxe5 52.Kb3 Bc7 53.c4 Be8 54.Ra1 Kxh7 55.Rxa6 Kg7 56.Ra8  1-0

[Event "Paris op"]
[Site "Paris"]
[Date "1996.??.??"]
[Round "8"]
[White "Fressinet, Laurent"]
[Black "Moracchini, Fabrice"]
[Result "0-1"]
[WhiteElo "2290"]
[BlackElo "2310"]

1.d4 Nf6 2.Bg5 e6 3.e4 h6 4.Bxf6 Qxf6 5.Nc3 b6 6.a3 Bb7 7.Nf3 Nc6 8.Qd2 g6
9.e5 Qg7 10.Bd3 d6 11.Qe2 d5 12.Ba6 O-O-O 13.O-O-O Be7 14.h3 Nb8 15.Bxb7+ Kxb7
16.Na4 Na6 17.Kb1 c6 18.Rc1 b5 19.Nc3 Nc7 20.Nd1 Na8 21.Ka2 Nb6 22.Ne3 a6
23.Nd2 c5 24.dxc5 Bxc5 25.f4 Rd7 26.Nb3 Rc8 27.Na5+ Ka7 28.c3 Nc4 29.Naxc4 bxc4
30.Nc2 Rb8 31.Rb1 Rdb7 32.Qd2 Qf8 33.Rhc1 Qe8 34.Nd4 Bxd4 35.Qxd4+ Ka8 36.Qc5 Rb5
37.Qd6 R8b6 38.Qc7 Rc6  0-1

[Event "Parnu-C"]
[Site "Parnu"]
[Date "1996.??.??"]
[Round "2"]
[White "Paasikangas, Johanna"]
[Black "Tsiganova, Monika"]
[Result "1-0"]
[WhiteElo "2200"]
[BlackElo "2280"]

1.d4 Nf6 2.Bg5 e6 3.e4 h6 4.Bxf6 Qxf6 5.Nf3 d6 6.Bd3 g5 7.h3 Nc6 8.c3 Bd7
9.Nbd2 Bg7 10.Qc2 O-O-O 11.b4 Rde8 12.a4 h5 13.a5 g4 14.Ng1 Kb8 15.b5 Nd8
16.Qb3 Bh6 17.Nc4 Bc8 18.b6 g3 19.f3 d5 20.bxc7+ Kxc7 21.e5 Qe7 22.Nd6 Ref8
23.Ne2 f6 24.O-O fxe5 25.dxe5 Be3+ 26.Kh1 Nf7 27.Nxf7 Rxf7 28.Nd4 Qh4 29.Qb4 Qe7
30.Nb5+ Kb8 31.Nd6 Rf4 32.Qa3 Qc7 33.Rab1 Bc5 34.Qc1 Rhf8 35.Nxb7 Bxb7 36.Ba6 Qxa5
37.Bxb7 Bb6 38.Bc6 Qc5 39.Bb5 Qc7 40.Qd2 Qg7 41.Qe2 Rg8 42.c4 Rh4 43.Rb2 dxc4
44.Bxc4 Qf7 45.Qe3 Rxc4 46.Rxb6+ axb6 47.Qxb6+ Qb7 48.Qxe6 Rgc8 49.Qd6+ R8c7
50.e6 Rc6 51.Qe5 Rc5 52.Qxg3 Qa6 53.Rb1+ Ka7 54.Qe1 Qd6 55.Qe3 Qe5 56.Qa3+ Ra5
57.Qb3 Re7 58.Qb6+ Ka8 59.Qd8+ Ka7 60.Qxe7+  1-0

[Event "Plzen opJ-A"]
[Site "Plzen"]
[Date "1996.??.??"]
[Round "4"]
[White "Navara, David"]
[Black "Cedikova, Katerina"]
[Result "0-1"]
[WhiteElo "2140"]
[BlackElo "1815"]

1.d4 Nf6 2.Bg5 e6 3.e3 d5 4.Bd3 c5 5.c3 Nc6 6.Nd2 Be7 7.f4 Bd7 8.Ngf3 Rc8
9.O-O Na5 10.Ne5 cxd4 11.exd4 b5 12.Nxd7 Qxd7 13.Nf3 O-O 14.Ne5 Qb7 15.a3 Nc4
16.Qe2 Rc7 17.Rf3 Ne4 18.Bxe7 Rxe7 19.Rh3 f5 20.Bxe4 fxe4 21.Qh5 g6 22.Nxg6 hxg6
23.Qxg6+ Rg7 24.Qxe6+ Qf7 25.Qh6 Qxf4 26.Qh8+ Kf7 27.Qh5+ Ke7 28.Qe2 Nd2
29.Rd1 Rgf7 30.g3 Nf3+ 31.Kg2 Qg4 32.Qxb5 Nh4+  0-1

[Event "JUG-ch Podgorica"]
[Site "Podgorica"]
[Date "1996.??.??"]
[Round "8"]
[White "Drazic, Sinisa"]
[Black "Damljanovic, Branko"]
[Result "1-0"]
[WhiteElo "2445"]
[BlackElo "2510"]

1.d4 Nf6 2.Bg5 e6 3.e4 h6 4.Bxf6 Qxf6 5.Nf3 d6 6.Nc3 Nd7 7.Qd2 c6 8.O-O-O e5
9.dxe5 dxe5 10.Nb5 Kd8 11.Qa5+ b6 12.Qc3 a6 13.Nd6 Bxd6 14.Qxc6 Ke7 15.Qxa8 Nc5
16.Bc4 b5 17.Qa7+ Bb7 18.Bd5 Ra8 19.Qb6 Bxd5 20.Rxd5 Rb8 21.Qc6 Nd7 22.Rhd1 Rb6
23.Qc3 Qf4+ 24.Qd2 Qxd2+ 25.R5xd2 Nf6 26.Re2 Ke6 27.Nd2 Rc6 28.Nb3 Bc7 29.a3 Bb6
30.f3 Rc4 31.Kb1 Rc6 32.c3 h5 33.Na1 a5 34.Nc2 h4 35.Ne3 Nh5 36.Nf5 Nf4 37.Red2  1-0

[Event "CRO-ch"]
[Site "Pula"]
[Date "1996.??.??"]
[Round "?"]
[White "Brumen, Dinko"]
[Black "Loncar, Robert"]
[Result "1-0"]
[WhiteElo "2335"]
[BlackElo "2455"]

1.d4 Nf6 2.Bg5 e6 3.e4 d6 4.Nc3 Be7 5.Nf3 O-O 6.Bd3 Nc6 7.e5 dxe5 8.dxe5 Nd5
9.Bd2 Nxc3 10.bxc3 Qd5 11.Qe2 b6 12.Rd1 Bb7 13.Bg5 Qc5 14.Qe4 g6 15.h4 Rad8
16.Bxe7 Qxe7 17.h5 Rd5 18.Qf4 Rfd8 19.O-O R5d7 20.Rde1 Na5 21.Ng5 c5 22.Re3 c4
23.Be4 h6 24.Nh3 g5 25.Qg4 Kh8 26.Rf3 Qf8 27.Rf6 Qg7 28.Bxb7 Nxb7 29.f4 gxf4
30.Qxf4 Rd2 31.Rxh6+ Kg8 32.Qg5 Rxc2 33.Rhf6 Qxg5 34.Nxg5 Rdd2 35.R6f2 Rxa2
36.Rxd2 Rxd2 37.Rxf7 Nc5 38.h6 Rd8 39.h7+ Kh8 40.Rxa7 Rf8 41.Rc7 Nd3 42.Rxc4 Nc5
43.g4 Ra8 44.Rd4 b5 45.Rd6 Re8 46.Rb6 Rc8 47.Rxb5 Nd7 48.Nxe6 Rxc3 49.Kf2 Rc6
50.Ng5 Rc8 51.Kg3 Nf8 52.Rb7 Rc3+ 53.Kf2 Rc2+ 54.Ke3 Rc5 55.Rb8  1-0

[Event "EU-ch U16"]
[Site "Rimavska Sobota"]
[Date "1996.??.??"]
[Round "6"]
[White "Moiseenko, Alexander"]
[Black "Pashkov, Anatolij"]
[Result "1-0"]
[WhiteElo "2390"]
[BlackElo "2205"]

1.d4 Nf6 2.Bg5 e6 3.e4 Be7 4.Bxf6 gxf6 5.Qg4 Bf8 6.Nc3 d5 7.O-O-O c6 8.Nf3 b5
9.Bd3 b4 10.Ne2 e5 11.Qh5 Qa5 12.Kb1 dxe4 13.Bxe4 Be6 14.Nc1 Rg8 15.dxe5 Rxg2
16.Nd4 Rg5 17.Qf3 Nd7 18.Nxe6 Nxe5  1-0

[Event "Sas van Gent op U20"]
[Site "Sas van Gent"]
[Date "1996.??.??"]
[Round "2"]
[White "Schneider, Stefan"]
[Black "Dantas, Carlos"]
[Result "1-0"]
[WhiteElo "2225"]
[BlackElo "2155"]

1.d4 Nf6 2.Bg5 e6 3.e4 Be7 4.e5 Nd5 5.Bxe7 Qxe7 6.c4 Nf4 7.Nc3 d6 8.exd6 Qxd6
9.Qd2 Ng6 10.Nf3 b6 11.h4 h6 12.h5 Ne7 13.Nb5 Qd8 14.Qf4 Na6 15.Bd3 Bb7 16.O-O-O O-O
17.Rhg1 Nb4 18.Bb1 Nf5 19.a3 Na6 20.Bxf5 Qf6 21.g4 g5 22.Bh7+ Kg7 23.Qxf6+ Kxf6
24.Nd2 Ke7 25.Be4 Bxe4 26.Nxe4 c6 27.Nbc3 f5 28.gxf5 exf5 29.Ng3 Kd7 30.Rge1 f4
31.Nge4 Nc7 32.f3 Ne8 33.c5 Ng7 34.d5 Nf5 35.b4 b5 36.dxc6+ Kxc6 37.Rd3 Rfe8
38.Red1 Re6 39.Rd7 a5 40.a4  1-0

[Event "Sas van Gent op U20"]
[Site "Sas van Gent"]
[Date "1996.??.??"]
[Round "5"]
[White "Schneider, Stefan"]
[Black "Gustafsson, Jan"]
[Result "1/2-1/2"]
[WhiteElo "2225"]
[BlackElo "2310"]

1.d4 Nf6 2.Bg5 e6 3.e4 h6 4.Bxf6 Qxf6 5.Nc3 d6 6.Qd2 g5 7.O-O-O Bg7 8.g3 Bd7
9.f4 Nc6 10.Nge2 O-O-O 11.Bg2 Qe7  1/2-1/2

[Event "St Cugat op"]
[Site "St Cugat"]
[Date "1996.??.??"]
[Round "4"]
[White "Llopis, Manuel"]
[Black "Kolev, Atanas"]
[Result "0-1"]
[WhiteElo "2235"]
[BlackElo "2510"]

1.d4 Nf6 2.Bg5 e6 3.e4 h6 4.Bxf6 Qxf6 5.Nf3 d6 6.Nc3 Nd7 7.Qd2 c6 8.O-O-O Qd8
9.Kb1 Be7 10.h4 e5 11.g3 Qc7 12.Bh3 Nf6 13.Bxc8 Rxc8 14.Nh2 b5 15.f4 b4 16.Ne2 exd4
17.Qxd4 d5 18.exd5 cxd5 19.Qe5 Qxc2+ 20.Ka1 Qe4 21.g4 O-O 22.Ng3 Qxe5 23.fxe5 Ne4
24.Nf5 Bc5 25.Rxd5 Rfd8 26.Rxd8+ Rxd8 27.Kb1 Rd5 28.Re1 Rxe5 29.Kc2 Re6 30.Nf3 Nf6
31.g5 Rxe1 32.Nxe1 hxg5 33.hxg5 Ne4 34.Nf3 g6 35.Nh6+ Kg7 36.Kd3 f5 37.gxf6+ Nxf6
38.Kc4 Bf8  0-1

[Event "St Cugat op"]
[Site "St Cugat"]
[Date "1996.??.??"]
[Round "7"]
[White "Llopis, Manuel"]
[Black "Gonzalez Velez, Fermin"]
[Result "1/2-1/2"]
[WhiteElo "2235"]
[BlackElo "2415"]

1.d4 Nf6 2.Bg5 e6 3.e4 d6 4.Nc3 h6 5.Bxf6 Qxf6 6.Nf3 Nd7 7.Qd2 a6 8.O-O-O Qd8
9.h4 b5 10.Kb1 Bb7 11.d5 e5 12.Bd3 Be7 13.Ne2 c5 14.dxc6 Bxc6 15.Ng3 Nc5
16.Qe3 Qa5 17.Nf5 Bf8 18.h5 O-O-O 19.Nd2 Qc7 20.Nb3 Ne6 21.Qe1 Qb6 22.Ne3 Be7
23.Nd5 Bxd5 24.exd5 Nc5 25.Na5 Bf6 26.Bf5+ Kc7 27.Nc6 Rde8 28.Qa5 Qxa5 29.Nxa5 g6
30.Bg4 Ne4 31.Rhf1 Bg5 32.Nb3 Nf6 33.Be2 gxh5 34.f3 Bf4 35.c4 Kb6 36.cxb5 axb5
37.Nd2 Rhg8 38.Ne4 Nxe4 39.fxe4 Rxg2 40.Bxh5 Reg8 41.Rd3 R8g5 42.Bf3 Rg1
43.Rxg1 Rxg1+ 44.Kc2 Rc1+ 45.Kb3 Rc4 46.Rc3 Kc5 47.Rxc4+ bxc4+ 48.Kc3 Bg3
49.b4+ cxb3 50.axb3 Be1+ 51.Kd3 Ba5 52.Bg4  1/2-1/2